| 000 | 00774nam a2200121Ia 4500 | ||
|---|---|---|---|
| 008 | 220615s9999||||xx |||||||||||||| ||und|| | ||
| 245 | 0 |
_aSpatial Transformations _bKaleidoscopic Perspectives on the Refiguration of Spaces |
|
| 546 | _aEnglish[eng] | ||
| 650 | _aarchitecture||communication||communicative construction||dislocation||experiences||geography||interconnectedness||knowledge production||materialities||mediatization||migration||place||planning||refiguration||social construction||sociology||socio-spatial||space||space making||spatialities||transformation||transnationalization | ||
| 700 | _aMillion, Angela||Haid, Christian||Castillo Ulloa, Ignacio||Baur, Nina | ||
| 856 | _uhttps://library.oapen.org/bitstream/20.500.12657/50903/1/9781000462715.pdf | ||
| 942 | _cEB | ||
| 999 |
_c14218 _d14218 |
||